000 00590nam a2200229Ia 4500
003 OSt
005 20221007082000.0
006 a|||||r|||| 00| 0
007 ta
008 221006b |||||||| |||| 00| 0 eng d
024 _a14,882
037 _cTextual
040 _aFLL
_cFLL
_beng
041 _2eng
_aeng
082 _aX:9:Z3, J5
100 _aLambert G.A.
_9698434
245 0 _aOutline of industrial law
260 _aSydney
_bThe Law Book Co. Sydney
_c1955
300 _a358p
_ccm.
942 _hX:9:Z3, J5
_cTEXL
_2CC
999 _c1164939
_d1164939